000 00802nam a2200265Ia 4500
003 OSt
005 20220927110352.0
006 a|||||r|||| 00| 0
007 ta
008 220926b |||||||| |||| 00| 0 eng d
024 _a59446
037 _cReports
040 _aRTL
_cRTL
_beng
041 _2eng
_aeng
082 _a"X:9K5.3.N7, L4"
100 _aSmith David J
_9376889
245 0 _aRacial disadvantage in employment
260 _aLondon
_bPolitical and Economics Planning U.K.
_c1974
300 _a"iv, 138p. Appendix p 97-107"
_ccm.
490 _a"Political and Economic Planning, publication"
500 _aSocial Science Institute
650 _aPersonnel Management
942 _h"X:9K5.3.N7, L4"
_cCC
999 _c695912
_d695912